| 000 | 00723nam a2200301Ia 4500 | ||
|---|---|---|---|
| 005 | 20260401122445.0 | ||
| 008 | 008 250103s9999 xx 000 0 eng d | ||
| 020 | _a9780822330486 | ||
| 037 | _aTB | ||
| 040 | _aEDL | ||
| 040 | _beng | ||
| 040 | _cEDL | ||
| 041 | _2eng | ||
| 041 | _aeng | ||
| 084 | _a305.42RAJ | ||
| 084 | _qEDL | ||
| 100 |
_aRajan, Rajeswari Sunder _91108638 |
||
| 245 | 4 | _aThe Scandal of the State: Women, Law and citienship in postcoloinal India | |
| 245 | 0 | _cRajan, Rajeswari Sunder | |
| 260 | _aLondon | ||
| 260 | _bDuke University Press | ||
| 260 | _c2003 | ||
| 300 | _a315p | ||
| 942 | _cTB | ||
| 942 | _h305.42RAJ | ||
| 999 |
_c1847412 _d1847412 |
||